Reviews of Physiology Biochemistry and Pharmacology

Contents S. Rospert, M. Rakwalska and Y. Dubaquié Polypeptide chain termination and stop codon readthrough on eukaryotic ribosomes A.S. Verkman Novel roles of aquaporins revealed by phenotype analysis of knockout mice M.J. Cismowski and S.M. Lanier Activation of heterotrimeric G-proteins independent...

Full description

Bibliographic Details
Corporate Author: SpringerLink (Online service)
Other Authors: Amara, S. G. (Editor), Bamberg, E. (Editor), Grinstein, S. (Editor), Hebert, S. C. (Editor), Jahn, R. (Editor), Lederer, W. J. (Editor), Lill, R. (Editor), Miyajima, A. (Editor), Murer, H. (Editor), Offermanns, S. (Editor), Schultz, G. (Editor), Schweiger, M. (Editor)
Format: Electronic eBook
Language:English
Published: Berlin, Heidelberg : Springer Berlin Heidelberg, 2005.
Series:Reviews of Physiology, Biochemistry, and Pharmacology, 155
Subjects:
Online Access:Full Text via HEAL-Link
LEADER 02719nam a22005655i 4500
001 978-3-540-28217-4
003 DE-He213
005 20150520191921.0
007 cr nn 008mamaa
008 100301s2005 gw | s |||| 0|eng d
020 |a 9783540282174  |9 978-3-540-28217-4 
024 7 |a 10.1007/3-540-28217-3  |2 doi 
040 |d GrThAP 
050 4 |a QP34-38 
072 7 |a MFG  |2 bicssc 
072 7 |a MED075000  |2 bisacsh 
082 0 4 |a 612  |2 23 
245 1 0 |a Reviews of Physiology Biochemistry and Pharmacology  |h [electronic resource] /  |c edited by S. G. Amara, E. Bamberg, S. Grinstein, S. C. Hebert, R. Jahn, W. J. Lederer, R. Lill, A. Miyajima, H. Murer, S. Offermanns, G. Schultz, M. Schweiger. 
264 1 |a Berlin, Heidelberg :  |b Springer Berlin Heidelberg,  |c 2005. 
300 |a IV, 80 p. 23 illus., 13 illus. in color.  |b online resource. 
336 |a text  |b txt  |2 rdacontent 
337 |a computer  |b c  |2 rdamedia 
338 |a online resource  |b cr  |2 rdacarrier 
347 |a text file  |b PDF  |2 rda 
490 1 |a Reviews of Physiology, Biochemistry, and Pharmacology,  |x 0303-4240 ;  |v 155 
505 0 |a Polypeptide chain termination and stop codon readthrough on eukaryotic ribosomes -- Novel roles of aquaporins revealed by phenotype analysis of knockout mice -- Activation of heterotrimeric G-proteins independent of a G-protein coupled receptor and the implications for signal processing. 
520 |a Contents S. Rospert, M. Rakwalska and Y. Dubaquié Polypeptide chain termination and stop codon readthrough on eukaryotic ribosomes A.S. Verkman Novel roles of aquaporins revealed by phenotype analysis of knockout mice M.J. Cismowski and S.M. Lanier Activation of heterotrimeric G-proteins independent of a G-protein coupled receptor and the implications for signal processing. 
650 0 |a Medicine. 
650 0 |a Human physiology. 
650 1 4 |a Biomedicine. 
650 2 4 |a Human Physiology. 
700 1 |a Amara, S. G.  |e editor. 
700 1 |a Bamberg, E.  |e editor. 
700 1 |a Grinstein, S.  |e editor. 
700 1 |a Hebert, S. C.  |e editor. 
700 1 |a Jahn, R.  |e editor. 
700 1 |a Lederer, W. J.  |e editor. 
700 1 |a Lill, R.  |e editor. 
700 1 |a Miyajima, A.  |e editor. 
700 1 |a Murer, H.  |e editor. 
700 1 |a Offermanns, S.  |e editor. 
700 1 |a Schultz, G.  |e editor. 
700 1 |a Schweiger, M.  |e editor. 
710 2 |a SpringerLink (Online service) 
773 0 |t Springer eBooks 
776 0 8 |i Printed edition:  |z 9783540281924 
830 0 |a Reviews of Physiology, Biochemistry, and Pharmacology,  |x 0303-4240 ;  |v 155 
856 4 0 |u http://dx.doi.org/10.1007/3-540-28217-3  |z Full Text via HEAL-Link 
912 |a ZDB-2-SBL 
950 |a Biomedical and Life Sciences (Springer-11642)